000 00565nam a2200181 i 4500
001 bgj
245 1 0 _aReading for Pleasure /
_cchosen, with introduction and comment by Bennett Cerf.
260 _aNew York :
_bHarper & Brothers,
_cc. 1957.
300 _aXIV, 769 pp ;
_c22 cm.
505 _aIncludes index.
650 9 _aAmerican prose literature
_y20th century
650 9 _aEnglish prose literature
_y20th century
700 1 _aCERF, Bennett
_d(1898-1971).
_eed.
040 _cBPK
041 0 _aeng
942 _cKS
008 s uk f |000 0 eng
999 _c47474
_d47474
856 _uhttp://koha.tu.koszalin.pl/cgi-bin/koha/opac-detail.pl?biblionumber=47474
_yKatalog online BPK